| 000 | 01247nam0a22003251 4500 | ||
|---|---|---|---|
| 001 | rc\3989417 | ||
| 005 | 20250611045756.0 | ||
| 021 |
_aRU _b[56-15886] |
||
| 035 | _a(NLR Aleph) 008066288 | ||
| 090 |
_a9034740 _c9034741 |
||
| 100 | _a20130415d1956 |||y0rusy50 ca | ||
| 101 | 0 | _arus | |
| 102 | _aRU | ||
| 105 | _aa z ||||| | ||
| 200 | 1 | _aОсновы лечения больного легочным туберкулезом | |
| 205 | _a[2-е изд.] | ||
| 210 |
_aМосква _cМедгиз _d1956 |
||
| 215 |
_a231 с., 10 л. ил. _cил. _d21 |
||
| 225 | 1 | _aБиблиотека практического врача | |
| 300 | _aПеред загл. авт.: проф. В.Л. Эйнис | ||
| 300 | _a1-е изд. вышло под загл.: Лечение больного легочным туберкулезом | ||
| 320 | _aБиблиогр.: с. 228-229 | ||
| 517 | 0 | _aЛечение больного легочным туберкулезом | |
| 606 |
_aТуберкулез легких _xЛечение _2psbo |
||
| 700 | 1 |
_aЭйнис _bВ.Л. _f1890-1978 _gВладимир Львович |
|
| 801 | 0 |
_aRU _bNLR _gpsbo |
|
| 801 | 1 |
_aRU _bELAR _2rusmarc |
|
| 852 |
_aNLR _jМд30 Г-3/263 |
||
| 942 | _cBOOK | ||
| 980 | _aNB | ||